00803cam a22002051 4500001001300000003000400013005001700017008004100034010001700075035001900092040001700111042001200128050002400140110004800164245016700212260004300379300001800422500010600440650005100546l 19000070 DLC20260227111527.0800212s1919 xx 000 0 eng  al 19000070  a(OCoLC)5977197 aDLCcOUdDLC apremarc00aHD6994.W3bA5 1919j1 aUnited States.bBureau of Labor Statistics.10aTentative quantity and cost budget necessary to maintain a family of five in Washington, D.C., at a level of health and decency.b(Prices secured in August, 1919) aWashington,bGovt. print. off.,c1919. a75 p.c23 cm. aAt head of title: U. S. Department of labor. Bureau of labor statistics, Royal Meeker, commissioner. 0aCost and standard of livingzWashington (D.C.)